Statistics for Most developed and Least Developed Nations of each continent

Click here to take the quiz!

General Stats

  • This quiz has been taken 159 times
  • The average score is 9 of 12

Answer Stats

ContinentHDIAnswer% Correct
North America0.915United States
98%
Oceania0.935Australia
95%
South America0.836Argentina
92%
Europe0.994Norway
86%
Asia0.912Singapore
83%
South America0.636Guyana
80%
Europe0.693Moldova
80%
North America0.483Haiti
76%
Asia0.465Afghanistan
63%
Africa0.348Niger
62%
Oceania0.505Papua New Guinea
61%
Africa0.777Mauritius
52%

Score Distribution

Percentile by Number Answered

Percent of People with Each Score

Your Score History

You have not taken this quiz